[Event "Santiago zt 2.5 (Women)"]
[Site "Santiago de Chile"]
[Date "2025.03.15"]
[Round "9"]
[White "Adam, Ernestina"]
[Black "Quevedo, Andreina"]
[Result "1-0"]
[WhiteElo "2249"]
[BlackElo "1857"]
[PlyCount "73"]
[EventDate "2025.03.09"]
[EventType "swiss"]
[EventRounds "9"]
[EventCountry "CHI"]
[SourceTitle "CB12_2025"]
[SourceDate "2025.03.19"]
[SourceVersion "1"]
[SourceVersionDate "2025.03.19"]
[SourceQuality "1"]

1. e4 e5 2. Nf3 Nf6 3. Nxe5 d6 4. Nc4 Nxe4 5. Qe2 Qe7 6. Ne3 Be6 7. Nc3 Nxc3 8. bxc3 d5 9. g3 c6 10. Bg2 g6 11. a4 h5 12. 0-0 Nd7 13. Bb2 Bg7 14. Ba3 Qf6 15. Rab1 0-0-0 16. d4 Bf8 17. Bxf8 Nxf8 18. Rfd1 h4 19. c4 hxg3 20. hxg3 dxc4 21. d5 cxd5 22. Nxd5 Bxd5 23. Rxd5 Rxd5 24. Bxd5 b6 25. Qxc4+ Kb8 26. a5 Nd7 27. axb6 Nxb6 28. Qa6 Qe7 29. Rxb6+ axb6 30. Qa8+ Kc7 31. Qxh8 Kd6 32. Bf3 f6 33. Qb8+ Kc5 34. Qa8 Qe1+ 35. Kg2 b5 36. Qc6+ Kd4 37. Qxb5 1-0

[Event "Santiago zt 2.5 (Women)"]
[Site "Santiago de Chile"]
[Date "2025.03.12"]
[Round "6"]
[White "Montiel Caceres, Helen"]
[Black "Quevedo, Andreina"]
[Result "1-0"]
[WhiteElo "1988"]
[BlackElo "1857"]
[PlyCount "67"]
[EventDate "2025.03.09"]
[EventType "swiss"]
[EventRounds "9"]
[EventCountry "CHI"]
[SourceTitle "CB12_2025"]
[SourceDate "2025.03.19"]
[SourceVersion "1"]
[SourceVersionDate "2025.03.19"]
[SourceQuality "1"]

1. d4 Nf6 2. Bf4 e6 3. e3 b6 4. Nf3 Bb7 5. Bd3 c5 6. c3 Nc6 7. h3 d5 8. Nbd2 Bd6 9. 0-0 Bxf4 10. exf4 0-0 11. Re1 Qd6 12. f5 exf5 13. Bxf5 Qf4 14. Qc2 cxd4 15. g3 Qh6 16. cxd4 g6 17. Bg4 Nxg4 18. hxg4 Rac8 19. Qa4 Qh3 20. g5 Rc7 21. Rac1 Rfc8 22. Rc3 a6 23. Qb3 b5 24. Qxd5 Rd8 25. Qc5 Rcd7 26. Ne4 Kg7 27. Nf6 Nxd4 28. Qe5 Ne2+ 29. Qxe2 Bxf3 30. Qxf3 Rd4 31. Rce3 h6 32. Ne8+ Rxe8 33. Qf6+ Kh7 34. Qxf7+ 1-0

[Event "Santiago zt 2.5 (Women)"]
[Site "Santiago de Chile"]
[Date "2025.03.10"]
[Round "3"]
[White "Cegarra Ruiz, Victoria"]
[Black "Quevedo, Andreina"]
[Result "1/2-1/2"]
[WhiteElo "1779"]
[BlackElo "1857"]
[PlyCount "100"]
[EventDate "2025.03.09"]
[EventType "swiss"]
[EventRounds "9"]
[EventCountry "CHI"]
[SourceTitle "CB12_2025"]
[SourceDate "2025.03.19"]
[SourceVersion "1"]
[SourceVersionDate "2025.03.19"]
[SourceQuality "1"]

1. e4 e5 2. Nf3 Nc6 3. d4 exd4 4. Nxd4 Qf6 5. Be3 Bc5 6. c3 Nge7 7. Be2 0-0 8. 0-0 d5 9. Nxc6 Qxc6 10. exd5 Nxd5 11. Bxc5 Qxc5 12. Nd2 Nf4 13. Bf3 c6 14. Ne4 Qb6 15. Qc2 c5 16. Rad1 Bf5 17. Qd2 Ne6 18. Qe2 Rad8 19. Ng3 Bg6 20. h4 h6 21. b3 Qc7 22. Be4 Nf4 23. Qf3 Bxe4 24. Nxe4 b6 25. Rfe1 Ne6 26. Ng3 Rxd1 27. Rxd1 Rd8 28. Rxd8+ Qxd8 29. Nf5 Kh7 30. h5 Qd7 31. c4 Ng5 32. Qg4 g6 33. hxg6+ fxg6 34. Nxh6 Qe7 35. f4 Kxh6 36. Qh4+ Kg7 37. fxg5 Qe3+ 38. Kh2 Kg8 39. Qg3 Qe7 40. Qb8+ Kg7 41. Qf4 Kg8 42. Qc1 Qe5+ 43. Kg1 Qd4+ 44. Kh1 Qh4+ 45. Kg1 Qd4+ 46. Kf1 Qd3+ 47. Kf2 Qf5+ 48. Kg1 Qe5 49. Kh1 Qh8+ 50. Kg1 Qd4+ 1/2-1/2

[Event "Montevideo op 8th"]
[Site "Montevideo"]
[Date "2025.02.05"]
[Round "6"]
[White "Quevedo, Andreina"]
[Black "Lopez, Bryan"]
[Result "1/2-1/2"]
[WhiteElo "1860"]
[BlackElo "1813"]
[PlyCount "30"]
[EventDate "2025.01.31"]
[EventType "swiss"]
[EventRounds "9"]
[EventCountry "URU"]
[SourceTitle "CB08_2025"]
[SourceDate "2025.02.19"]
[SourceVersion "1"]
[SourceVersionDate "2025.02.19"]
[SourceQuality "1"]

1. e4 e5 2. Nf3 Nc6 3. d4 exd4 4. Bc4 Nf6 5. e5 d5 6. Bb5 Ne4 7. Nxd4 Bc5 8. Be3 0-0 9. Nxc6 bxc6 10. Bxc5 Nxc5 11. Bxc6 Rb8 12. Qxd5 Qe7 13. 0-0 Rxb2 14. c4 Rd8 15. Qf3 Qxe5 1/2-1/2

[Event "Montevideo op 8th"]
[Site "Montevideo"]
[Date "2025.02.04"]
[Round "5"]
[White "Izquierdo, Daniel"]
[Black "Quevedo, Andreina"]
[Result "1-0"]
[WhiteElo "2069"]
[BlackElo "1860"]
[PlyCount "149"]
[EventDate "2025.01.31"]
[EventType "swiss"]
[EventRounds "9"]
[EventCountry "URU"]
[SourceTitle "CB08_2025"]
[SourceDate "2025.02.19"]
[SourceVersion "1"]
[SourceVersionDate "2025.02.19"]
[SourceQuality "1"]

1. Nf3 Nf6 2. c4 g6 3. g3 Bg7 4. Bg2 0-0 5. 0-0 d6 6. Nc3 e5 7. d3 Nc6 8. Rb1 a5 9. a3 h6 10. b4 axb4 11. axb4 Be6 12. b5 Ne7 13. Qb3 Nd7 14. Ba3 f5 15. Nd2 Qc8 16. Nd5 Nxd5 17. cxd5 Bf7 18. Rfc1 Qd8 19. Bb4 Nf6 20. Rc2 Qd7 21. Rbc1 Rfc8 22. Bc3 g5 23. Bb2 Ra5 24. Nc4 Rxb5 25. Qa4 Bxd5 26. Nxd6 Bxg2 27. Kxg2 cxd6 28. Rxc8+ Kh7 29. R8c7 Qe8 30. Ba3 e4 31. Rc8 Qe5 32. Bxd6 Qd5 33. Qc4 exd3+ 34. Qxd5 Rxd5 35. Bf8 dxe2 36. Re1 Bxf8 37. Rxf8 Kg7 38. Rb8 f4 39. Rxe2 Rd3 40. Rxb7+ Kg6 41. f3 fxg3 42. hxg3 h5 43. Rb6 Kf5 44. Rb5+ Nd5 45. Kf2 Kf6 46. Rc2 Nc3 47. Ra5 g4 48. fxg4 hxg4 49. Kg2 Nd5 50. Rf2+ Ke6 51. Re2+ Kf6 52. Ra4 Nc3 53. Rf4+ Kg6 54. Rxg4+ Kf5 55. Rf4+ Kg5 56. Re5+ Kg6 57. Rf3 Rd2+ 58. Kh3 Nd5 59. Ra3 Rd1 60. Ra6+ Kf7 61. Kh4 Rh1+ 62. Kg5 Nb4 63. Ra7+ Kf8 64. Rc5 Re1 65. Rc8+ Re8 66. Rxe8+ Kxe8 67. g4 Nc6 68. Rc7 Ne7 69. Kh6 Nd5 70. Rb7 Kf8 71. g5 Ne3 72. Kh7 Ng4 73. Rb8+ Ke7 74. g6 Nf6+ 75. Kh8 1-0

[Event "Montevideo op 8th"]
[Site "Montevideo"]
[Date "2025.02.03"]
[Round "4"]
[White "Quevedo, Andreina"]
[Black "Vigo, Luis"]
[Result "1-0"]
[WhiteElo "1860"]
[BlackElo "1610"]
[PlyCount "77"]
[EventDate "2025.01.31"]
[EventType "swiss"]
[EventRounds "9"]
[EventCountry "URU"]
[SourceTitle "CB08_2025"]
[SourceDate "2025.02.19"]
[SourceVersion "1"]
[SourceVersionDate "2025.02.19"]
[SourceQuality "1"]

1. e4 e5 2. Nf3 Nc6 3. d4 exd4 4. Bc4 Nf6 5. e5 d5 6. Bb5 Ne4 7. Nxd4 Bd7 8. Bxc6 bxc6 9. 0-0 Bc5 10. f3 Ng5 11. f4 Ne4 12. c3 f5 13. Nd2 Nxd2 14. Bxd2 Bxd4+ 15. cxd4 0-0 16. Bb4 Re8 17. Bc5 Re6 18. Rf3 Rh6 19. Qd2 Qh4 20. Rh3 Qg4 21. Rxh6 gxh6 22. Rc1 Kf7 23. Rc3 a6 24. Rg3 Qh5 25. Rh3 Qg6 26. Qe2 Rg8 27. Rg3 Qe6 28. Rxg8 Kxg8 29. Qxa6 Qe8 30. Qe2 Be6 31. a4 Qa8 32. Qd1 Qa5 33. b4 Qa6 34. a5 Qb5 35. Qh5 Qc4 36. Qe8+ Kg7 37. Bf8+ Kh8 38. Be7+ Kg7 39. Bf6# 1-0

[Event "American Continental (Women) 15th"]
[Site "Santo Domingo"]
[Date "2024.11.24"]
[Round "2"]
[White "Ayithi, Yashaswini"]
[Black "Quevedo, Andreina"]
[Result "1-0"]
[WhiteElo "1641"]
[BlackElo "1873"]
[PlyCount "143"]
[EventDate "2024.11.24"]
[EventType "swiss"]
[EventRounds "9"]
[EventCountry "DOM"]
[SourceTitle "CB49_2024"]
[SourceDate "2024.12.04"]
[SourceVersion "1"]
[SourceVersionDate "2024.12.04"]
[SourceQuality "1"]

1. b3 e5 2. Bb2 Nc6 3. e3 g6 4. Nf3 Bg7 5. c4 Nge7 6. Be2 0-0 7. 0-0 d6 8. Nc3 f5 9. d4 e4 10. Nd2 g5 11. f3 exf3 12. Nxf3 g4 13. Nd2 Ng6 14. Qc2 Qe8 15. Nd5 Rf7 16. Rae1 Be6 17. a3 Bxd5 18. cxd5 Qxe3+ 19. Kh1 Nxd4 20. Bxd4 Qxd4 21. Nc4 Nh4 22. Rd1 Qf6 23. Bxg4 Qg5 24. Bh3 Raf8 25. Nd2 Kh8 26. Nf3 Nxf3 27. Rxf3 f4 28. Rdf1 Qxd5 29. Bg4 Qg5 30. Rh3 Be5 31. Bf3 c6 32. Be4 h6 33. Qe2 Bg7 34. Bc2 Be5 35. Rh5 Qg7 36. Qd3 Rg8 37. Qh3 Rf6 38. b4 Re8 39. Rf5 Rxf5 40. Bxf5 d5 41. Qh5 Rg8 42. Qh3 b6 43. Re1 Bf6 44. Bd7 c5 45. Be6 Rd8 46. Qh5 d4 47. Bc4 Rf8 48. Re8 cxb4 49. axb4 Be7 50. Rxe7 Qg5 51. Qe2 f3 52. gxf3 b5 53. Bb3 d3 54. Qb2+ Qf6 55. Qxf6+ Rxf6 56. Rxa7 Rxf3 57. Kg2 Rf4 58. Rd7 d2 59. Rxd2 Rg4+ 60. Kh3 Rxb4 61. Be6 Kg7 62. Bg4 Kf6 63. Rd6+ Kg5 64. Rd5+ Kf6 65. Kh4 Rb2 66. h3 b4 67. Kh5 b3 68. Rb5 Rb1 69. Kxh6 b2 70. Kh5 Kg7 71. Kg5 Kh8 72. Kf5 1-0

[Event "Swiss Queens Wed #38"]
[Site "FIDE Online Arena INT"]
[Date "2024.10.16"]
[Round "4"]
[White "Fang, Kun"]
[Black "Quevedo, Andreina"]
[Result "1-0"]
[WhiteElo "1825"]
[BlackElo "1873"]
[PlyCount "83"]
[EventDate "2024.10.16"]
[EventType "swiss (blitz)"]
[EventRounds "11"]
[EventCountry "NET"]
[SourceTitle "CB43_2024"]
[Source "Chessbase"]
[SourceDate "2024.10.23"]
[SourceVersion "1"]
[SourceVersionDate "2024.10.23"]
[SourceQuality "1"]

1. e4 c5 2. Nf3 d6 3. d4 cxd4 4. Nxd4 Nf6 5. Nc3 a6 6. Be2 e6 7. 0-0 Be7 8. Kh1 0-0 9. f4 Qc7 10. Be3 Nbd7 11. Qe1 Nc5 12. Bd3 e5 13. Nf3 b5 14. fxe5 dxe5 15. Qg3 Bd6 16. Nh4 Ng4 17. Nf5 Bxf5 18. exf5 Nxe3 19. f6 g6 20. Qxe3 Ne6 21. Qh6 Rfe8 22. Rf3 Bf8 23. Qh4 h6 24. Bxg6 fxg6 25. f7+ Kh7 26. fxe8Q Rxe8 27. Raf1 Bg7 28. Rf7 Qc4 29. Ne4 Nf4 30. Rxg7+ Kxg7 31. Qf6+ Kh7 32. Re1 Qxc2 33. Qf7+ Kh8 34. Qxe8+ Kh7 35. Qe7+ Kh8 36. Qxe5+ Kh7 37. Qxf4 Qxb2 38. Nf6+ Kg7 39. Ne8+ Kg8 40. Rf1 Qxa2 41. Qf8+ Kh7 42. Rf7+ 1-0

[Event "Swiss Queens Wed #38"]
[Site "FIDE Online Arena INT"]
[Date "2024.10.16"]
[Round "1"]
[White "Quevedo, Andreina"]
[Black "Sarquis, Maria Belen"]
[Result "1-0"]
[WhiteElo "1873"]
[BlackElo "2175"]
[PlyCount "113"]
[EventDate "2024.10.16"]
[EventType "swiss (blitz)"]
[EventRounds "11"]
[EventCountry "NET"]
[SourceTitle "CB43_2024"]
[Source "Chessbase"]
[SourceDate "2024.10.23"]
[SourceVersion "1"]
[SourceVersionDate "2024.10.23"]
[SourceQuality "1"]

1. e4 e5 2. Nf3 Nc6 3. d4 exd4 4. Bc4 Nf6 5. e5 d5 6. Bb5 Ne4 7. Nxd4 Bd7 8. Bxc6 bxc6 9. f3 Nc5 10. 0-0 Be7 11. c3 0-0 12. b4 Ne6 13. Re1 Bg5 14. Nd2 a5 15. N2b3 axb4 16. cxb4 Qe7 17. a3 Ra7 18. g3 Bxc1 19. Qxc1 Ng5 20. h4 Ne6 21. Qc3 Rfa8 22. Na5 Nxd4 23. Qxd4 c5 24. Qxd5 cxb4 25. axb4 Be6 26. Qd4 Qe8 27. Ra3 Qb5 28. Rea1 Qe2 29. f4 Bh3 30. Qf2 Qe4 31. Re3 Qxb4 32. Rea3 Rxa5 33. Rxa5 Rxa5 34. Rxa5 Qxa5 35. Kh2 Be6 36. Qd2 h6 37. Qxa5 Kf8 38. Qxc7 Kg8 39. Qd6 Kh7 40. Kg2 h5 41. Kf2 Kg6 42. Ke3 Kf5 43. Kf2 g6 44. Qe7 Ke4 45. Qf6 Kd5 46. Ke3 Kc6 47. Kd4 Kd7 48. Qg7 Kc6 49. Qf8 Kd7 50. Kc5 Kc7 51. Qd6+ Kb7 52. Kb5 Ka7 53. Qb6+ Ka8 54. Kc5 Bf5 55. Kd6 Be4 56. Kc7 Bd5 57. Qb8# 1-0

[Event "Olympiad Women-45"]
[Site "Budapest"]
[Date "2024.09.18"]
[Round "7.1"]
[White "Quevedo, Andreina"]
[Black "Cadeau, Merisena"]
[Result "1-0"]
[WhiteElo "1851"]
[BlackElo "1671"]
[PlyCount "111"]
[EventDate "2024.09.11"]
[EventType "team-swiss"]
[EventRounds "11"]
[EventCountry "HUN"]
[SourceTitle "EXT 2025"]
[Source "ChessBase"]
[SourceDate "2024.10.14"]
[SourceVersion "1"]
[SourceVersionDate "2024.10.14"]
[SourceQuality "1"]
[WhiteTeam "Uruguay (W)"]
[BlackTeam "Haiti (W)"]
[WhiteTeamCountry "URU"]
[BlackTeamCountry "HAI"]

1. e4 c5 2. Nf3 Nc6 3. Bb5 g6 4. Bxc6 bxc6 5. 0-0 Bg7 6. Re1 d5 7. d3 e6 8. c3 Qb6 9. Nbd2 Ba6 10. Qc2 Nf6 11. Nf1 0-0 12. h3 Rfd8 13. e5 Nd7 14. Bg5 Re8 15. N1h2 f5 16. exf6 Nxf6 17. Ne5 Bc8 18. Nhf3 Nd7 19. Nxd7 Bxd7 20. Ne5 Qc7 21. Bf4 Qd8 22. Qd2 Qe7 23. Qe3 Bxe5 24. Bxe5 Rf8 25. Qg3 Rf5 26. Bd6 Qf7 27. Bxc5 a6 28. a4 Re8 29. Bd4 Qe7 30. Be5 Qg5 31. Qxg5 Rxg5 32. g4 Rxe5 33. Rxe5 c5 34. Kg2 Rb8 35. Re2 a5 36. Kg3 Rb3 37. Ra3 Rb8 38. Kf4 Kf7 39. h4 h6 40. Ra1 Rb3 41. Ke5 Ke7 42. Ra2 Rb8 43. Kf4 Kd6 44. Ra1 Rf8+ 45. Kg3 Rb8 46. f4 Rg8 47. b3 Rb8 48. Rb2 Be8 49. Rab1 Kc7 50. b4 cxb4 51. cxb4 Bxa4 52. bxa5 Rxb2 53. Rxb2 Kc8 54. a6 Bc6 55. a7 Bb7 56. Rb6 1-0